| 000 | 00408nam a22001457a 4500 | ||
|---|---|---|---|
| 082 |
_a370.114 _bSAE _cL-30 II -205 |
||
| 100 | _aRashid Saeed | ||
| 245 |
_aشاد باد منزل مراد _cSaeed Rashid |
||
| 260 |
_aLahore _bMaktaba Meri Library |
||
| 300 | _a385 p.: | ||
| 526 |
_a0 _b0 _c0 _d370_114000000000000_SAE |
||
| 526 |
_a0 _b0 _c0 _d370_114000000000000_SAE |
||
| 650 |
_aMCE _9379 |
||
| 942 |
_2ddc _cBK |
||
| 999 |
_c550516 _d550516 |
||